000 00646nam a2200253Ia 4500
003 OSt
005 20220918182238.0
006 a|||||r|||| 00| 0
007 ta
008 220917b |||||||| |||| 00| 0 eng d
024 _a31,409
037 _cTextual
040 _aARTS
_cARTS
_beng
041 _2eng
_aeng
082 _aO111,1:g, L4
100 _aBedient Calvin
_958898
245 0 _aEight contemporary poets
260 _aLondon
_bOUP
_c1974
300 _ax,198p.
_ccm.
500 _aBib 181-86p
650 _aENGLISH LITERATURE
942 _hO111,1:g, L4
_cTEXL
_2CC
999 _c168269
_d168269